000 00813nam a2200193Ii 4500
003 JO-AjNU
008 230605s9999||||xx |||||||||||||| ||und||
040 _aJO-AjNU
_bara
_erda
_cJO-AjNU
041 _aara
050 1 4 _aHJ4761.3 .K4236 1992
100 3 _a الخطيب، خالد شحادة ,
_eauthor
_99782
245 0 0 _aالضريبة على الدخل اصول محاسبتها في الاردن
264 3 1 _aعمان: دار زهران للنشر والتوزيع، 1992
300 _a311ص
_bيحتوي على مسرد مصطلحات بالفرنسية والانجليزية وببلوغرافية من 301-311ص
336 _atext
_btxt
_2rdacontent
337 _aunmediated
_bn
_2rdamedia
338 _avolume
_bnc
_2rdacarrier
650 4 _aضرائب الدخل - محاسبة - الأردن 
_99783
999 _aA1475
_c5043
_d5043